| 000 | 00404nam a2200157Ia 4500 | ||
|---|---|---|---|
| 008 | 221030s9999 xx 000 0 und d | ||
| 020 | _a8131806500 | ||
| 041 | _aEnglish | ||
| 082 | _a105.23 | ||
| 100 | _aS. K. Venkataram | ||
| 245 | 0 |
_aAdvanced Microprocessor & Microcontrollers _cby S. K. Venkataram |
|
| 260 |
_bLaxmi Pub. _aNew Delhi _c2008 |
||
| 300 | _a503 | ||
| 650 | _aBE Computer | ||
| 942 | _cBK | ||
| 999 |
_c6471 _d6471 |
||